000 00971nam a2200241 i 4500
001 bg
100 1 _aZADROŻNA, Irmina
245 1 0 _aModyfikacja struktury wybranych układów cyklicznych i policyklicznych w celu uzyskania odpowiednich właściwości optycznych, fotochemicznych i biologicznych /
_cIrmina Zadrożna.
260 _aWarszawa :
_bOficyna Wydawnicza PW,
_c2001.
300 _a129, [1] s. :
_bil. ;
_c24 cm.
490 1 _aPrace Naukowe / Politechnika Warszawska. Chemia,
_x0137-2300 ;
_vz. 67
500 _aW nagł. nazwa serii: Prace Naukowe Politechniki Warszawskiej. - Opis wg nagł. - Streszcz. ang.
504 _aBibliogr.
650 9 _aEnzymy
_xstosowanie
_xbadanie
650 9 _aHydroliza
_xstosowanie
650 9 _aPolimeryzacja
_xmetody
830 0 _aPrace Naukowe (Politechnika Warszawska).
_pChemia ;
_vz. 67
040 _cBPK
041 0 _apl
_ben
080 _a678.7:577.15:542
942 _cKS
008 s pl f |000 0 pol
999 _c40624
_d40624
856 _uhttp://koha.tu.koszalin.pl/cgi-bin/koha/opac-detail.pl?biblionumber=40624
_yKatalog online BPK